00528nam a22001577a 450000500170000001000150001702000270003203500140005903700130007308200170008610000220010324500930012526000300021827000830024830000390033120171103153648.0 aENG-121216 a9788131252604c1845.00 aEN-104748 bDBAD/PUB a343.59570552 aGupta, Atul Kumar aGoods and services tax :cby S.N.Pandey [and] S.P. Misrablaw, practice and procedures / aGurgaonbLexisNexisc2017 a14th Floor, Building No.10, Tower-B, DLF Cyber City, Phase-IIbGurgaone122002 aVarious Pagings :c25cm(pbk)bill.